000 03180cam a2200649 4500500
005 20260301000427.0
041 _afre
042 _adc
100 1 0 _aBlain, Hubert
_eauthor
700 1 0 _aTran, Patrice
_eauthor
700 1 0 _aMichel, Jean-Pierre
_eauthor
700 1 0 _aBernard, Pierre-Louis
_eauthor
700 1 0 _aBerrut, Gilles
_eauthor
700 1 0 _aSalles, Nathalie
_eauthor
700 1 0 _ad’Avrincourt, Marie-Christine
_eauthor
700 1 0 _aMichon, Eric
_eauthor
700 1 0 _aPardell, M.
_eauthor
700 1 0 _aWeber, P.
_eauthor
700 1 0 _aBayol, Sébastien
_eauthor
700 1 0 _aBouget, Catherine
_eauthor
700 1 0 _aCoste, Olivier
_eauthor
700 1 0 _aGérard, Stéphane
_eauthor
700 1 0 _aLesenne, Cyrille
_eauthor
700 1 0 _aNinot, Grégory
_eauthor
700 1 0 _aPaccard, Delphine
_eauthor
700 1 0 _aPuisieux, François
_eauthor
700 1 0 _aSégu, Alain
_eauthor
700 1 0 _aTallon, Guillaume
_eauthor
700 1 0 _aVigouroux, Cyril
_eauthor
700 1 0 _aAbdellaoui, A
_eauthor
700 1 0 _aAnnweiler, Cédric
_eauthor
700 1 0 _aAutard, Thierry
_eauthor
700 1 0 _aBedbrook, Anna
_eauthor
700 1 0 _aBracco, L
_eauthor
700 1 0 _aBretton, F
_eauthor
700 1 0 _aCosme, B
_eauthor
700 1 0 _aCzarlewski, Wencyslawa
_eauthor
700 1 0 _ade Vries, Govert
_eauthor
700 1 0 _aNouvel, Fabrice
_eauthor
700 1 0 _aPuyjarinet, F
_eauthor
700 1 0 _aRobiaud, JB
_eauthor
700 1 0 _avan Eeerd, Michel
_eauthor
700 1 0 _aVoisin, C
_eauthor
700 1 0 _aVallat, Audrey
_eauthor
700 1 0 _aVillars, H
_eauthor
700 1 0 _aRolland, Yves
_eauthor
700 1 0 _aBonin-Guillaume, Sylvie
_eauthor
700 1 0 _aMontero-Odasso, Manuel
_eauthor
700 1 0 _aVan der Velde, Nathalie
_eauthor
700 1 0 _aBousquet, Jean
_eauthor
245 0 0 _aFrance’s first national falls prevention day for older people
260 _c2025.
500 _a47
520 _aFrance’s first national falls prevention day for older people took place in Montpellier on October 1, 2024. This event highlighted older people’s interest in: i) public conferences providing information on fall risk factors and general preventive measures, and ii) workshops offered throughout the city, providing individual fall risk assessments and personalized advice based on identified risk levels and factors. It also highlighted the interest of health care professionals and training institutes in: i) information on the roles of various field actors in the care pathway for older people at a moderate or high risk of falls; and ii) new organizational models and technologies developed to implement national and international recommendations on falls prevention. Finally, the event also supports the French National Academy of Medicine and regional health agencies in organizing an annual national falls prevention day in France.
786 0 _nGériatrie et Psychologie Neuropsychiatrie du Vieillissement | 23 | 1 | 2025-04-15 | p. 9-23 | 2115-8789
856 4 1 _uhttps://stm.cairn.info/journal-geriatrie-et-psychologie-neuropsychiatrie-du-vieillissement-2025-1-page-9?lang=en&redirect-ssocas=7080
999 _c1671478
_d1671478